People and computers VI
Saved in:
| Corporate Author: | |
|---|---|
| Other Authors: | , |
| Format: | Book |
| Language: | English |
| Published: |
Cambridge : New York :
Published by Cambridge University Press on behalf of the British Computer Society,
1991
|
| Series: | British Computer Society conference series ;
; 3 |
| Subjects: | |
| Tags: |
Add Tag
No Tags, Be the first to tag this record!
|
MARC
| LEADER | 00000cam a2200000 i 4500 | ||
|---|---|---|---|
| 001 | 1/27075 | ||
| 008 | 950725s1991 eng d | ||
| 020 | |a 0521416949 | ||
| 035 | |l 10022791 | ||
| 040 | |a GR-MY-UA |b gre |e aacr | ||
| 041 | 0 | |a eng | |
| 082 | 0 | |a 004.019 |2 (20) | |
| 110 | 1 | |a British Computer Society |b Human Computer Interaction Specialist Group |b Conference. | |
| 245 | 1 | 0 | |a People and computers VI / |c edited by Dan Diaper, Nick Hammond |
| 246 | 3 | 3 | |a People and computers 6 |
| 260 | |a Cambridge : |a New York : |b Published by Cambridge University Press on behalf of the British Computer Society, |c 1991 | ||
| 300 | |a vii, 456 p.; |b ill.; |c 26 cm | ||
| 490 | 1 | |a British Computer Society conference series |v ; 3 | |
| 500 | |a "Proceedings of the HCI '91 Conference, 20-23 August 1991"--Cover | ||
| 504 | |a Includes bibliographical references and indexes | ||
| 650 | 0 | 0 | |a Human-computer interaction |x Congresses. |
| 700 | 1 | |a Diaper, D. |q (Dan) | |
| 700 | 1 | |a Hammond, Nick. | |
| 830 | 0 | |a British Computer Society conference series ; |v ; 3 | |
| 852 | |a INST |b CHIOS |e 19950725 |h 004.019 PEO |p 005200002308 |q 005200002308 |t BK |y 0 | ||
| 909 | |a Χ |b 025192 | ||